000 02819nam2a2200349 4500
001 RU\NLR\BIBL_A\011402855
005 20260405152040.0
010 _a978-5-9908512-7-6
_91000
021 _aRU
_b2017-1214и
_995и
035 _a(RuMoRGB)008896308
035 _a(NLR Aleph) 011402855
090 _a11517831
_c11517831
100 _a20170609d2016 |||y0rusy50 ca
101 0 _arus
_afre
102 _aRU
105 _aach|b|||000zy
200 1 _aАлександр Алексеев - мастер книги
_dAlexandre Alexeieff - maitre du livre
_eкаталог-резоне
_zfre
210 _d2016
_aБ. м.
215 _a95, [1] с.
_cил., цв. ил., портр., факс., табл.
300 _aНа обл.: Александр Алексеев. Мастер книги
461 0 _1001RU\NLR\BIBL_A\011508990
_12001#$aХудожник и книга$dL'artiste et le livre$eсобрание Марка Башмакова$eкниги из собраний Марка Башмакова и Государственного Эрмитажа$e[каталог выставки$fавтор вступительной статьи и составитель - Башмаков М. И., акад.]$zfre$vВып. 3
_912035130
_cСанкт-Петербург
_d2016
_fавтор вступительной статьи и составитель - Башмаков М. И., акад.]
_lL'artiste et le livre
_n[б. и.]
_oсобрание Марка Башмакова : книги из собраний Марка Башмакова и Государственного Эрмитажа : [каталог выставки
_tХудожник и книга
_vВып. 3
510 1 _aAlexandre Alexeieff - maitre du livre
_zfre
512 1 _aАлександр Алексеев. Мастер книги
604 _1700#1$aАлексеев$bА.А.$gАлександр Александрович$f1901 - 1982
_15011#$aКнижные иллюстрации$xВыставки$yСанкт-Петербург, город$z2016$jКаталоги$2nlr_sh2$3RU\NLR\AUTH\6601624021
_3RU\NLR\AUTH\6601624021
_aАлексеев, Александр Александрович (1901 - 1982)
_tКнижные иллюстрации
_xВыставки
_yСанкт-Петербург, город
_z2016
_jКаталоги
_92343553
686 1 _aЩ153(4Фр)6-475л62
702 1 _4570
_7ca
_8rus
_aАлексеев
_bА. А.
_cхудожник, иллюстратор
_f1901-1982
_gАлександр Алексеевич
_946111
_3RU\NLR\AUTH\7763181
942 _cBOOK
980 _aNB